المسؤولية الجزائية الدولية عن الانتهاكات الإسرائيلية لاتفاقيات جنيف الدولية (غزة أنموذجا) = The International Legal Responsibility for Israeli Violations of the / international Geveva conventions in Gaza Serves as an Example (Record no. 33551)
[ view plain ]
| 000 -LEADER | |
|---|---|
| fixed length control field | 01128nam a22001937a 4500 |
| 003 - CONTROL NUMBER IDENTIFIER | |
| control field | JO-AjAnu |
| 005 - DATE AND TIME OF LATEST TRANSACTION | |
| control field | 20240708093144.0 |
| 008 - FIXED-LENGTH DATA ELEMENTS--GENERAL INFORMATION | |
| fixed length control field | 240706b jo ||||| |||| 00| 0 ara d |
| 040 ## - CATALOGING SOURCE | |
| Original cataloging agency | JO-AjAnu |
| Transcribing agency | JO-AjAnu |
| 041 ## - LANGUAGE CODE | |
| Language code of text/sound track or separate title | ARA |
| 100 #1 - MAIN ENTRY--PERSONAL NAME | |
| Personal name | فريحات، كمال موسى علي |
| 9 (RLIN) | 65990 |
| Relator term | معد |
| 245 20 - TITLE STATEMENT | |
| Title | المسؤولية الجزائية الدولية عن الانتهاكات الإسرائيلية لاتفاقيات جنيف الدولية (غزة أنموذجا) = The International Legal Responsibility for Israeli Violations of the <br/> / international Geveva conventions in Gaza Serves as an Example |
| Statement of responsibility, etc. | اعداد كمال موسى علي فريحات ؛ إشراف زياد محمد الوحشات |
| 260 ## - PUBLICATION, DISTRIBUTION, ETC. | |
| Date of publication, distribution, etc. | 2024 |
| 300 ## - PHYSICAL DESCRIPTION | |
| Extent | 108 ورقة |
| 500 ## - GENERAL NOTE | |
| General note | رسالة جامعية (ماجستير) .- جامعة عجلون الوطنية (عجلون، الأردن)، كلية الحقوق ، تخصص القانون، 2024<br/> |
| 650 70 - SUBJECT ADDED ENTRY--TOPICAL TERM | |
| Topical term or geographic name entry element | قانون دولي - الانتهاكات الاسرائيلية |
| 9 (RLIN) | 65991 |
| 700 #1 - ADDED ENTRY--PERSONAL NAME | |
| Personal name | الوحشات، زياد محمد |
| 9 (RLIN) | 64909 |
| Relator term | مشرف |
| 942 ## - ADDED ENTRY ELEMENTS (KOHA) | |
| Source of classification or shelving scheme | Library of Congress Classification |
| Koha item type | Thesis |
| Suppress in OPAC | No |
| Withdrawn status | Lost status | Source of classification or shelving scheme | Damaged status | Not for loan | Home library | Current library | Date acquired | Total Checkouts | Full call number | Barcode | Date last seen | Price effective from | Koha item type |
|---|---|---|---|---|---|---|---|---|---|---|---|---|---|
| Library of Congress Classification | مكتبة جامعة عجلون الوطنية | مكتبة جامعة عجلون الوطنية | 06/07/2024 | KZ4282 2024 | A29913 | 06/07/2024 | 06/07/2024 | Thesis | |||||
| Library of Congress Classification | مكتبة جامعة عجلون الوطنية | مكتبة جامعة عجلون الوطنية | 06/07/2024 | KZ4282 2024 | A29912 | 06/07/2024 | 06/07/2024 | Thesis |